| 000 | 00807nam a2200265Ia 4500 | ||
|---|---|---|---|
| 003 | OSt | ||
| 005 | 20220928125825.0 | ||
| 006 | a|||||r|||| 00| 0 | ||
| 007 | ta | ||
| 008 | 220927b |||||||| |||| 00| 0 eng d | ||
| 024 | _a68167 | ||
| 037 | _cTextual | ||
| 040 |
_aSDCL _cSDCL _beng |
||
| 041 |
_2eng _aeng |
||
| 082 | _aS87g, P3 | ||
| 100 |
_aBernal Guillermo Ed. _9471629 |
||
| 245 | 0 | _aHandbook of racial and ethnic minority psychology | |
| 260 |
_aLondon _bSage Publications _c2003 |
||
| 300 |
_axviii,714p _ccm. |
||
| 490 | _aRacial and ethnic minority psychology series | ||
| 650 |
_aPsychology-Anthropological _9471630 |
||
| 700 |
_a Trimble Joseph E Ed. _9471631 |
||
| 942 |
_hS87g, P3 _cTEXL _2CC |
||
| 999 |
_c784180 _d784180 |
||